| 000 | 00491nam a22001577a 4500 | ||
|---|---|---|---|
| 005 | 20251108171230.0 | ||
| 008 | 250721s1989 xx 000 0 ara d | ||
| 082 | 1 | 4 | _a210.43602/عبد |
| 100 | 1 | _aعبد الحميد، محسن | |
| 245 | 1 | 0 | _aالإسلام و التنمية الإجتماعية / |
| 264 | 1 |
_aبغداد : _bدار الأنبار، _c1989. |
|
| 300 | _a166ص. | ||
| 650 | 1 | 7 | _aالإسلام و التنمية الإجتماعية |
| 942 |
_2ddc _cBK |
||
| 999 |
_c59997 _d59997 |
||